000 00714nam a22002057a 4500
005 20240813112604.0
010 _aB-516195-196 ENG-141322
020 _a8181080521
_c350.00
035 _aB-516195-196
035 _aEN-124854
037 _aJanvani/Ven
082 _a500
100 _aSharma, Roshi
_969894
245 _aPlease Tell Me The Answer Earth Invention And Discoveries/
_cBy Roshi Sharma
260 _aDelhi
_bYugbodh Sahitya
270 _a518/6B, Karkari Road,Vishwas Nagar Shahadra,
_bDelhi
_e110032
300 _a198p.:
_b22cm(pbk)
_cill.
942 _2ddc
_cCH
_h500
_mSHA
999 _c83063
_d83063